Biggest Cities that Start with H - Statistics

General Stats
  • This quiz has been taken 189 times
  • The average score is 12 of 15
Answer Stats
Clue Answer % Correct
The Hamburger was named after this German city Hamburg
99%
Capital of Vietnam Hanoi
98%
Capital of Finland Helsinki
98%
Camilla Cabello made a song after this Cuban city Havana
97%
Largest city in Texas Houston
97%
Capital of Hawaii Honolulu
95%
Jackie Chan and Bruce Lee are from here Hong Kong
94%
Formerly known as Saigon Ho Chi Minh
88%
3rd Largest City in Israel Haifa
72%
Major city in Pakistan and India with the same name Hyderabad
71%
Capital of Lower Saxony (Germany) Hanover
69%
China's "Ice City" Harbin
55%
Most Populous city of Zhejiang (China) Hangzhou
52%
Largest city in Anhui (China) Hefei
35%
3rd Largest City in Afghanistan Herat
32%
No matching quizzes found
Score Distribution
Percent of People with Each Score
Percentile by Number Answered
Your Score History
You have not taken this quiz